Centenario del fallecimiento de Don Juan Donoso Cortés, marqués de Valdegamas (Record no. 126926)

MARC details
000 -LEADER
campo de control de longitud fija 00906nam a2200229 4500
001 - NÚMERO DE CONTROL
campo de control 126926
003 - IDENTIFICADOR DE NÚMERO DE CONTROL
campo de control ES-MaACL
005 - FECHA Y HORA DE LA ÚLTIMA TRANSACCIÓN
campo de control 20250916063051.0
007 - CAMPO FIJO DE DESCRIPCIÓN FÍSICA--INFORMACIÓN GENERAL
campo de control de longitud fija t|
008 - DATOS DE LONGITUD FIJA--INFORMACIÓN GENERAL
campo de control de longitud fija 070214s1955 sp r ||||1| spa d
100 1# - ENTRADA PRINCIPAL--NOMBRE DE PERSONA
Nombre de persona Riber, Llorenç,
Fechas asociadas al nombre 1881-1958
9 (RLIN) 96765
245 10 - MENCIÓN DEL TÍTULO
Título Centenario del fallecimiento de Don Juan Donoso Cortés, marqués de Valdegamas
Resto del título : discursos /
Mención de responsabilidad, etc. leídos por Lorenzo Riber y Salvador Minguijón en la Junta pública conmemorativa de 23 de mayo de 1954, celebrada por el Instituto de España.
260 ## - PUBLICACIÓN, DISTRIBUCIÓN, ETC.
Lugar de publicación, distribución, etc. Madrid :
Nombre del editor, distribuidor, etc. [s. n.],
Fecha de publicación, distribución, etc. 1955 (
Fabricante Imp. Góngora)
300 ## - DESCRIPCIÓN FÍSICA
Extensión 45 p. ;
Dimensiones 24 cm.
600 14 - PUNTO DE ACCESO ADICIONAL DE MATERIA--NOMBRE DE PERSONA
Nombre de persona Donoso Cortés, Juan,
Fechas asociadas al nombre 1809-1853
9 (RLIN) 45341
700 1# - ENTRADA AGREGADA--NOMBRE PERSONAL
Nombre de persona Riber, Llorenç,
Fechas asociadas al nombre 1881-1958
9 (RLIN) 96765
700 1# - ENTRADA AGREGADA--NOMBRE PERSONAL
Nombre de persona Minguijón, Salvador.
9 (RLIN) 81356
710 2# - ENTRADA AGREGADA--NOMBRE DE ENTIDAD CORPORATIVA
Nombre de entidad corporativa o nombre de jurisdicción como elemento de entrada Instituto de España.
9 (RLIN) 4873
852 ## - LOCALIZACIÓN
Ubicación ES-MaACL
Número de control de estantería 1985-F-11
852 ## - LOCALIZACIÓN
Ubicación ES-MaACL
Número de control de estantería 1985-F-13
Holdings
Estatus retirado Estado de pérdida Estado de daño No para préstamo Colección Biblioteca de origen Biblioteca actual Ubicación en estantería Fecha de adquisición Fuente de adquisición Total de préstamos Signatura topográfica completa Código de barras Visto por última vez Precio de reemplazo Tipo de ítem Koha
        Colección de folletos Biblioteca del Ateneo de Madrid Biblioteca del Ateneo de Madrid Depósito folletos 17/01/2008     1985-F-13 1132203 23/02/2023 23/02/2023 Folleto
        Colección de folletos Biblioteca del Ateneo de Madrid Biblioteca del Ateneo de Madrid Depósito folletos 17/01/2008     1985-F-11 1132202 23/02/2023 23/02/2023 Folleto